00969nam a22002297a 4500003000200000005001700002008004100019050003200060100001800092245004600110260009000156300003500246504004100281650006500322650007500387650002800462650002300490650002900513942001400542999001900556952016400575020250129101332.0150827b xxu||||| |||| 00| 0 eng d aPGS HQ 799.2.I5b.B662 2015 aBo, Sim Hyun. aGender and internet usage /cSim Hyun Bo. aLas Piñas City, Philippines :bSouthville International School and Colleges,c2015. a24 p. :bill. ;c28 cm. fPASS aIncludes bibliographical references. 2Library of Congress Subject HeadingsaInternet and children. 2Library of Congress Subject HeadingsaGender differences in education. aInternet and education. aChild development. aSixth grade (Education). 2lcccPASS c288542d288542 00102lcc4071aLUXbLUXcPASSd2015-08-27eDONATIONl0oPGS HQ 799.2.I5 .B662 2015pP3400r2019-11-28 00:00:00w2015-08-27yPASSzBe Amazing, Be Southville!